Mistrzostwa Polski w piłce siatkowej kobiet - Statystyki

Ogólne statystyki
  • Ten quiz został rozwiązany 48 razy
  • Średni wynik to 3 z 20
Statystyki odpowiedzi
Liczba tytułów Klub % Poprawnych
11 Chemik Police
91%
3 ŁKS Łódź
62%
1 Legia Warszawa
27%
6 Wisła Kraków
27%
11 AZS Warszawa
20%
11 AZS-AWF Warszawa
13%
4 Calisia
13%
1 Pałac Bydgoszcz
13%
2 Trefl Sopot
13%
8 Stal Bielsko-Biała
11%
4 MKS Muszyna
7%
2 Gedania Gdańsk
4%
5 Płomień Milowice
4%
5 Start Łódź
4%
1 Warta Poznań
4%
1 ChKS Łódź
2%
5 Czarni Słupsk
2%
1 HKS Łódź
2%
4 PTPS Piła
2%
2 Chemia Łódź
0%
Nie znaleziono quizów pasujących do podanych kryteriów
Rozkład punktacji
Procent ludzi z każdym wynikiem
Percentyl według liczby udzielonych odpowiedzi
Twoja historia wyników
Nie rozwiązałeś tego quizu